000 00467nam a2200133Ia 4500
005 20260209120145.0
008 260209s9999||||xx |||||||||||||| ||und||
100 _aSaumya Upadhyay
245 0 _aIs OTT regulation in India riding for a fall?
260 _aBangaloreBangalore
_bNLSIU, Bangalore
_c2021
300 _a46 p. ; 25 cm.
700 _aProf. Sudhir Krishnaswamy - GuideProf. Sudhir Krishnaswamy - Guide
856 _uhttps://dans.nls.ac.in/handle/123456789/919
999 _c217519
_d217519